| 000 | 00366nam a22001457a 4500 | ||
|---|---|---|---|
| 003 | LK-CoDNM | ||
| 005 | 20240812150814.0 | ||
| 008 | 240812b |||||||| |||| 00| 0 eng d | ||
| 040 |
_aLK-CoDNM _dLK-CoDNM _eLK-CoDNM |
||
| 080 |
_a10 _bQ8 |
||
| 245 | _aRuins of sacred and historic lands | ||
| 260 |
_blondon _c1810 |
||
| 300 | _aviii, 392p. : 19 cm | ||
| 942 | _cBK | ||
| 999 |
_c147235 _d147235 |
||